000 00462nam a22001817a 4500
003 NUST - PNEC
005 20170116181156.0
008 160112b xxu||||| |||| 00| 0 eng d
020 _a-
040 _cLIBRARY
082 _a673 COP
100 _915952
_a Copper Development Association
245 _aAluminium bronze.
_c Association,Copper Development
250 _a-
260 _cc 1957
650 _915953
_aAluminum bronze
_xGeneral
942 _2ddc
_cBK
999 _c71221
_d71221